1427 1341 1013 1321 1502 1144 1402 1819 1155 1624 1784 1794 1866 1814 1090 1807 1921 1236 1633 1858 1039 1709 1460 1047 1305 1331 1853 1852 1448 1557 1275 1055 1512 1129 1849 1279 1989 1329 1515 1064 1046 1911 1519 1619 1427 1505 1540 1899 1853 1197 1014 1589 1463 1452 1294 1800 1912 1240 1472 1397 1035 1602 1463 1628 1527 1016 1300 1545 1523 1743 1513 1158 1252 1855 1258 1623 1154 1869 1724 1933 1320 1793 1553 1383 1334 1894 1668 1272 1451 1645 1379 1002 1492 1150 1366 1467 1031 1306 1598 BCNSPRNW ULIB Ver.6.0+V

เปลี่ยนเป็นภาษาไทย

Change to English
 แสดงรายละเอียดบรรณานุกรม
  กลับหน้าหลัก

Brief Record : Get Marc (ISO 2709) : E-mail record : QR code < ปิดหน้าต่าง
LEADER : 00000nam 2200000uu 4500
001    13399120773
003     ULIB
008    110706s2550||||th 000 0 tha d
020    9789741338214
090    นว.^bต181ส
100 0  ตรี อภิรุณ
245 00 สัมภเวสี/^cตรี อภิรุณ
260    กรุงเทพฯ :^bอุทยานความรู้,^c2550
300    608 หน้า
945    ^p390^l0^i15032
995    ทศพร
999    ^aใช้งานได้ทุกระบบ
รายการนี้ยังไม่มีแท็ก
คุณยังไม่ได้ล็อกอิน คุณสามารถมีกิจกรรมร่วมกับเว็บไซต์ได้ แต่ต้องล็อกอินก่อน ::
  ล็อกอิน

รายการสื่อสารสนเทศ

ลำดับที่ ประเภท เลขเรียก/บาร์โค้ด สถานที่ สถานะ
1. นวนิยาย
นวนิยาย
นว. ต181ส ฉ.1 
  Barcode: 15032
ห้องสมุดวิทยาเขตสวรรค์ประชารักษ์
►หนังสือทั่วไป
บนชั้น

BibComment


ยังไม่เคยถูกคอมเมนท์

คอมเมนท์ทรัพยากรรายการนี้
  คอมเมนท์: สัมภเวสี ตรี อภิรุณ


 Copyright 2026. Bcnsprnw @Library